Zákon o službách zamestnanosti s komentárom
Úplné znenie zákona č. 5/2004 Z. z. o službách zamestnanosti a o zmene a doplnení niektorých zákonov aj s komentárom.
Salvato in:
| Autore principale: | |
|---|---|
| Natura: | Capitolo di libro |
| Lingua: | slovacco |
| Soggetti: | |
| Tags: |
Nessun Tag, puoi essere il primo ad aggiungerne!!
|
MARC
| LEADER | 00000naa a2200000 4500 | ||
|---|---|---|---|
| 001 | 0260548 | ||
| 005 | 20230113122130.9 | ||
| 041 | 0 | |a slo | |
| 044 | |a SK | ||
| 245 | 1 | 0 | |a Zákon o službách zamestnanosti s komentárom |c Martin Bonek |
| 520 | |a Úplné znenie zákona č. 5/2004 Z. z. o službách zamestnanosti a o zmene a doplnení niektorých zákonov aj s komentárom. | ||
| 610 | 2 | 0 | |a zákony |
| 610 | 2 | 0 | |a služby zamestnanosti |
| 610 | 2 | 0 | |a zamestnanci |
| 610 | 2 | 0 | |a zamestnávatelia |
| 610 | 2 | 0 | |a zamestnanosť |
| 610 | 2 | 0 | |a trh práce |
| 610 | 2 | 0 | |a vzdelávanie |
| 610 | 2 | 0 | |a dielne chránené |
| 610 | 2 | 0 | |a osoby zdravotne postihnuté |
| 610 | 2 | 0 | |a novelizácia |
| 100 | 1 | |a Bonek, Martin | |